000 00473nam a2200181Ia 4500
005 20260429111843.0
008 260429s9999||||xx |||||||||||||| ||und||
020 _a9789349830004
041 _aEnglish
082 _a570.15195
_bKUM
100 _aKumar, Manendra
245 0 _aFundamentals of biostatistics /
_cManendra Kumar
250 _a1st ed.
260 _aNew Delhi :
_bAne Books,
_c2026.
300 _aviii, 308 p.; hb
650 _aBiostatistics
942 _cTB
999 _c51147
_d51147